[Event "11th Arad Open 2018"]
[Site "Arad"]
[Date "2018.08.06"]
[Round "2"]
[White "Yordanov, Lachezar"]
[Black "Carasca, Bogdan-Petru"]
[Result "1/2-1/2"]
[WhiteElo "2314"]
[BlackElo "1993"]
[Annotator "TA"]
[PlyCount "127"]
[EventDate "2018.08.05"]
[EventType "swiss"]
[EventCountry "ROU"]
[SourceTitle "playchess.com"]
[Source "ChessBase"]
[SourceQuality "1"]

{[%evp 9,127,0,0,0,1,0,8,8,18,0,11,-95,-39,-72,35,35,37,39,38,36,55,47,73,47,31,11,18,25,17,12,6,8,20,3,37,0,11,0,0,-47,-5,-30,0,0,0,-37,0,0,15,0,4,0,27,0,0,-23,54,50,38,9,13,0,18,13,37,25,29,32,40,35,50,46,50,47,88,58,86,66,72,50,100,27,65,83,129,91,65,65,58,71,56,66,224,225,214,197,435,440,639,594,388,0,12,22,56,0,0,0,0,0,0,0,0,0,0,0,0,0,0,0]} 1. b3 Nf6 2. Bb2 d5 3. e3 c6 4. Nf3 Bf5 (4... Bg4 5. c4 e6 6. Be2 Nbd7 7. O-O Bd6 8. h3 Bh5 9. d4 Ne4 10. Nbd2 Nxd2 11. Nxd2 Bxe2 12. Qxe2 O-O 13. e4 dxe4 14. Nxe4 Be7 15. Rad1 Nf6 16. Nd2 Qa5 17. a3 {0-1 (126) Vachier Lagrave,M (2789)-Aronian,L (2805) Riadh 2017}) 5. h3 h6 6. d4 {A06: Réti Opening:1 Nf3 d5} e6 7. Bd3 Bxd3 8. Qxd3 Bd6 9. Nc3 $146 ({Predecessor:} 9. Nbd2 Nbd7 10. O-O O-O 11. a4 Nh7 12. c4 f5 13. c5 {0-1 (65) Glazkova,D-Makhno,M (1776) Saratov 2014}) 9... Nbd7 10. O-O-O (10. O-O $11) 10... Qc7 (10... b5 $17) 11. Kb1 O-O-O (11... b5 $17) 12. e4 $14 dxe4 13. Nxe4 Nxe4 14. Qxe4 Nf6 {[%cal Bd7f6,Bf6d5,Bd5c3][%mdl 32]} 15. Qe2 Nd5 16. g3 Qa5 17. c4 Nc3+ 18. Bxc3 $1 Qxc3 19. Rd3 (19. Qe4 {looks sharper.} Bc7 20. Rhe1 Qb4 21. Ne5 Qe7 22. h4) 19... Qa5 20. c5 Bb8 21. Nd2 Rd5 22. Nc4 Qd8 23. Rhd1 Qf6 24. f4 Rhd8 (24... g5 {feels hotter.} 25. fxg5 hxg5 26. g4 Qg6 27. Kb2 Rhd8) 25. Qe4 Qf5 (25... g5 {is interesting.} 26. Ne3 R5d7 27. Ng4 Qe7 28. f5 h5) 26. Qxf5 Rxf5 27. Kc2 Rh5 28. Rh1 Rhd5 29. Kc3 Bc7 30. Rf1 b5 31. Ne3 (31. Ne5 {keeps more tension.} Kb7 32. Nxf7 Rf8 33. Nd6+ Bxd6 34. cxd6 Rd8 35. Re1) 31... R5d7 32. Nc2 e5 (32... g5 $11) 33. fxe5 Bxe5 34. Rfd1 Bf6 35. a4 {And now axb5 would win.} bxa4 36. b4 Re8 37. Ra1 Kb7 38. Rxa4 Re4 39. Ra1 a6 40. Rad1 Re2 41. Na3 Rh2 42. h4 Re7 43. Nc4 Ree2 44. Nd6+ Ka7 45. Nxf7 (45. Kc4 $16) 45... Ra2 {[#] ( -> ...Ra3+)} 46. Rc1 Ra3+ 47. Kc4 Rxd3 48. Kxd3 $16 {[%mdl 4096] Endgame KRB-KRN} Rg2 49. Ke4 $1 Rxg3 50. d5 {[%cal Bd4d5,Bd5d6][%mdl 32]} Rg4+ $2 (50... Kb7 $14) 51. Kf5 $18 Rxh4 52. d6 Rd4 $2 (52... Rxb4 53. Nxh6 Bb2) 53. Ke6 h5 (53... Rf4 $142 54. d7 Rd4) 54. Kd7 Kb7 55. Rb1 $2 ({White has to play} 55. Nd8+ $18 Bxd8 56. Kxd8) 55... h4 56. Rb3 Re4 57. Nd8+ (57. Rf3 $1 $14) 57... Bxd8 $1 $11 {The position is equal.} 58. Kxd8 {KR-KR} g5 {[%cal Bg7g5,Bg5g4][%mdl 32]} 59. Rf3 {[#] Rf7+ is the strong threat.} g4 ({Avoid the trap} 59... Rxb4 $2 60. d7 $18) 60. Rf7+ Kb8 61. Kd7 Kb7 62. Kd8+ Kb8 63. Kd7 Kb7 64. Kd8+ {Precision: White = 55%, Black = 25%.} 1/2-1/2

[Event "11th Arad Open 2018"]
[Site "Arad"]
[Date "2018.08.06"]
[Round "2"]
[White "Geiger, Alex-Emanuel"]
[Black "Mastrovasilis, Dimitrios"]
[Result "0-1"]
[WhiteElo "2229"]
[BlackElo "2586"]
[Annotator "TA"]
[PlyCount "56"]
[EventDate "2018.08.05"]
[EventType "swiss"]
[EventCountry "ROU"]
[SourceTitle "playchess.com"]
[Source "ChessBase"]
[SourceQuality "1"]

{[%evp 18,56,10,0,35,-11,16,11,14,0,10,0,0,-105,-105,-118,-118,-118,-118,-121,-120,-107,-106,-131,-125,-127,-118,-159,-154,-155,-137,-166,-141,-179,-172,-218,-185,-202,-198,-350,-338]} 1. d4 d5 2. Nf3 Nf6 3. Bf4 c5 4. e3 Nc6 5. Nbd2 (5. c3 e6 6. Nbd2 cxd4 7. exd4 Nh5 8. Bg5 f6 9. Be3 Bd6 10. Bb5 O-O 11. O-O Ne7 12. Re1 Bd7 13. Bd3 g6 14. Bh6 Rf7 {½-½ (83) Caruana,F (2822)-Aronian,L (2767) chess.com INT 2018}) 5... cxd4 6. exd4 {D02: Damenbauernspiele} Bf5 7. c3 e6 8. Qb3 Qc8 9. Be2 Be7 10. O-O {LiveBook: 20 Partien} O-O 11. Rfc1 $146 ({Vorgänger:} 11. Rfe1 Ne4 12. Nxe4 Bxe4 {½-½ (39) Grachev,B (2628)-Moskalenko,A (2490) Moscow 2016}) 11... Ne4 12. Nxe4 Bxe4 13. Qd1 Qd7 14. Ne5 Nxe5 15. Bxe5 (15. dxe5 $11 Rfc8 16. a4) 15... Bg5 $17 16. Bf1 f6 17. Bg3 Bxc1 18. Rxc1 a6 19. a4 Rfe8 20. f3 Bg6 21. a5 Rad8 {[%cal Ba8d8,Bd8c8,Bc8c6][%mdl 32]} 22. f4 Bf5 23. Ra1 Rc8 24. Qa4 Qf7 25. Qb4 Rc6 26. Re1 Rd8 27. Ra1 Qc7 28. h3 $2 {[#]} (28. Be1 {war nötig.}) 28... g5 {Precision: Weiß = 17%, Schwarz = 54%.} 0-1

[Event "11th Arad Open 2018"]
[Site "Arad"]
[Date "2018.08.06"]
[Round "2"]
[White "Martian, Dragos-Daniel"]
[Black "Vajda, Levente"]
[Result "0-1"]
[WhiteElo "2223"]
[BlackElo "2558"]
[Annotator "TA"]
[PlyCount "106"]
[EventDate "2018.08.05"]
[EventType "swiss"]
[EventCountry "ROU"]
[SourceTitle "playchess.com"]
[Source "ChessBase"]
[SourceQuality "1"]

{[%evp 11,106,7,8,-7,-7,-7,0,-6,-3,-16,-12,-30,-33,-45,-38,-43,-18,-26,-22,-20,-15,-35,-21,-26,-22,-45,-27,-45,-6,0,0,-17,0,0,-5,-13,-18,-23,-16,-21,-25,-37,-38,-45,-1,-1,0,0,0,-24,-20,-44,-22,-19,-10,-22,-16,-17,-6,-29,-29,-35,-24,-28,-4,-24,0,-4,-4,-84,-4,-17,-7,-23,-18,-37,0,0,0,-138,-137,-176,-173,-166,-163,-167,-158,-183,-171,-160,-137,-135,-71,-138,-115,-240,-224]} 1. e4 e5 2. Nf3 Nc6 3. Bc4 Bc5 4. d3 Nf6 5. Bb3 (5. O-O O-O 6. c3 d5 7. exd5 Nxd5 8. a4 a5 9. h3 Nb6 10. Bb3 Bf5 11. Bc2 Qd7 12. Re1 Rfe8 13. Ng5 Bf8 14. Na3 Rad8 15. Ne4 f6 {½-½ (72) Caruana,F (2822)-Aronian,L (2767) chess.com INT 2018}) 5... O-O 6. h3 {C50: Hungarian Defence and Giuoco Pianissimo} a5 {LiveBook: 3 Games} 7. a4 d5 $146 ({Predecessor:} 7... d6 8. O-O Be6 9. c3 Bb6 10. Re1 Qd7 11. Nbd2 h6 12. Nc4 Bxc4 13. Bxc4 {½-½ (54) Martian,D (2236)-Bulmaga,I (2393) Arad 2015}) 8. exd5 {The position is equal.} Nxd5 9. O-O f6 10. c3 Be6 11. d4 exd4 12. cxd4 Bb4 {[#]} 13. Nc3 $1 {[%mdl 512]} Nce7 (13... Bxc3 14. bxc3) 14. Bd2 Bf7 15. Re1 c6 16. Ne4 b6 17. Rc1 Qd7 18. Bc4 Rad8 19. Qb3 Nf5 20. Nc3 Nfe7 {[%cal Bf5e7,Be7d5,Bd5b4][%mdl 32]} 21. Re2 Rb8 22. Nxd5 Nxd5 23. Qc2 Bxd2 24. Qxd2 Rfe8 25. Rce1 Rxe2 26. Rxe2 Rd8 27. Re4 Nb4 28. Qe2 {Strongly threatening Re7.} Bxc4 29. Qxc4+ Kf8 30. Re1 Re8 31. Re3 Nd5 (31... Rxe3 {with more complications.} 32. fxe3 Qe8 33. Qb3 Nd5 34. Kf2 Qe4) 32. Rxe8+ Qxe8 33. Qd3 g6 34. Qa6 Qb8 35. g3 Nb4 36. Qe2 Qe8 37. Qe3 Qd7 38. Qf4 Qd8 39. Ng5 {Threatens to win with Ne6+.} Qe7 40. Nf3 (40. b3 $11) 40... Kg7 (40... Nd3 $17 41. Qh6+ Kg8) 41. Qe3 Qd7 42. Kg2 Nd5 43. Qe4 Kf8 44. Nd2 Qd6 45. Qf3 (45. Qg4 $11) 45... Qb4 $36 {[%mdl 2048] Black has strong initiative.} 46. Qa3 Qxa3 47. bxa3 $19 {[%mdl 4096] Endgame [#] KN-KN} Nc3 $1 48. Nc4 Nxa4 49. Kf3 Ke7 50. Ke3 Ke6 51. Kd3 h5 ({Black should play} 51... Kd5 52. f4 c5 53. Ne3+ Kd6) 52. f3 (52. f4 $142) 52... g5 53. Kc2 (53. h4 $17 {was forced.}) 53... Kd5 {Precision: White = 24%, Black = 42%.} 0-1

[Event "11th Arad Open 2018"]
[Site "Arad"]
[Date "2018.08.06"]
[Round "2"]
[White "Weinzettl, Ernst"]
[Black "Antal, Gergely"]
[Result "0-1"]
[WhiteElo "2215"]
[BlackElo "2549"]
[Annotator "TA"]
[PlyCount "56"]
[EventDate "2018.08.05"]
[EventType "swiss"]
[EventCountry "ROU"]
[SourceTitle "playchess.com"]
[Source "ChessBase"]
[SourceQuality "1"]

{[%evp 17,56,39,52,6,31,7,11,7,0,8,21,-40,-35,-35,-26,-47,-36,-64,-75,-77,-60,-60,-72,-100,-83,-68,-68,-169,-163,-158,-114,-110,-100,-276,-272,-286,-295,-296,-293,-266,-278]} 1. e4 c5 2. Nf3 e6 3. d4 cxd4 4. Nxd4 Nc6 5. Nc3 Qc7 6. g3 a6 7. Bg2 h5 8. h3 {B47: Sizilianisch (Paulsen/Taimanow-Variante)} (8. Bg5 h4 9. gxh4 Nge7 10. Nxc6 bxc6 11. Qd3 Ng6 12. O-O-O f6 13. Bd2 Kf7 14. Rhg1 Rxh4 15. Bf1 Qxh2 {0-1 (34) Kraemer,M (2575)-Jakovenko,D (2710) Germany 2018}) 8... h4 9. g4 Nge7 {LiveBook: 10 Partien} 10. Nxc6 {Weiß steht etwas besser.} Nxc6 11. O-O Bc5 12. Qe2 $146 ({Vorgänger:} 12. Ne2 d6 13. Nf4 Qe7 14. c3 Bd7 {½-½ (85) Tsirulnik,M (2161)-Kalinina,O (2322) Rivne 2016}) 12... b5 {[%cal Bb7b5,Bb5b4][%mdl 32]} 13. Be3 Ne5 14. Kh1 (14. a4 $11) 14... Bxe3 $15 15. Qxe3 Bb7 16. a4 b4 17. Na2 a5 $40 {[%mdl 128] Schwarz will per K.O. gewinnen.} 18. c3 b3 19. Nc1 Nc4 20. Qg5 O-O 21. Nxb3 Nxb2 22. Nd4 (22. Nc5 $15 Bc6 23. Rfb1 (23. Qxh4 Qd6 $17)) 22... Qxc3 $19 23. Nb5 Qd3 24. Ra3 Qc4 25. Qc1 $2 {[#]} (25. Qe3 $17 Bc6 26. Rb1 Nxa4 27. Nd4) 25... Bxe4 {Schwarz hat entscheidenden Vorteil.} 26. f3 Qxc1 27. Rxc1 Bd5 28. Rb1 Nc4 {Precision: Weiß = 43%, Schwarz = 89%.} 0-1

[Event "11th Arad Open 2018"]
[Site "Arad"]
[Date "2018.08.06"]
[Round "2"]
[White "Vachylia, Andrii"]
[Black "Balog, Imre"]
[Result "0-1"]
[WhiteElo "2192"]
[BlackElo "2540"]
[Annotator "TA"]
[PlyCount "66"]
[EventDate "2018.08.05"]
[EventType "swiss"]
[EventCountry "ROU"]
[SourceTitle "playchess.com"]
[Source "ChessBase"]
[SourceQuality "1"]

{[%evp 13,66,15,37,-29,-17,-35,-28,-42,-47,-66,-52,-77,-20,-68,-29,-29,-31,-183,-168,-181,-154,-176,-183,-182,-197,-304,-292,-265,-266,-376,-383,-404,-400,-462,-447,-456,-455,-583,-582,-656,-635,-622,-535,-862,-850,-1612,-1204,-1673,-1665,-2347,-1259,-1117,-1098,-1030,-1019]} 1. d4 d5 {[%cal Bd7d5,Bd5c4,Bc4c3][%mdl 32]} 2. c4 c6 3. Nf3 Nf6 4. Nc3 a6 5. Qc2 dxc4 (5... g6 6. Bg5 Be6 7. e4 dxe4 8. Nxe4 Nbd7 9. Nxf6+ exf6 10. Bd2 Bg7 11. Be2 O-O 12. O-O Bf5 13. Qb3 {1-0 (40) Gelfand,B (2695)-Artemiev,V (2704) Poikovsky 2018}) 6. e4 {D15: Damengambit (Slawische Verteidigung)} b5 7. b3 b4 {[#] LiveBook: 4 Partien. Und ...cxb3 würde nun gewinnen.} 8. Na4 (8. Nd1 $14) 8... c3 $11 9. a3 a5 10. Nc5 $146 ({Vorgänger:} 10. e5 Nd5 11. Nc5 Nd7 12. e6 Nxc5 13. exf7+ Kxf7 14. dxc5 {½-½ (35) Laurusas,T (2465)-Sriram,J (2409) Klaipeda 2018}) 10... e5 $1 11. axb4 exd4 12. Bg5 {[#]} Be7 (12... h6 $1 $17 {[%cal Rh6g5]} 13. Bh4 Qb6) 13. Bd3 Na6 14. Nxa6 Bxa6 15. Bxf6 $2 ({Günstiger ist} 15. Bxa6 $15 Rxa6 16. O-O) 15... Bxf6 $19 16. e5 Be7 $36 {[%mdl 2048] Schwarz ist am Drücker.} 17. O-O Bxd3 18. Qxd3 O-O ({Bloß nicht} 18... axb4 19. e6 $17) 19. Qxd4 (19. Nxd4 $142 Bxb4 20. Qe4) 19... axb4 20. Rxa8 Qxa8 21. Qc4 (21. e6 $142) 21... Qc8 22. Nd4 c5 23. Nc2 Qf5 {Schwarz steht klar auf Gewinn.} 24. Ne3 Qxe5 25. Rd1 Rd8 {Weiss muss nun ...Txd1+ beachten.} 26. Rxd8+ Bxd8 27. Kf1 g6 28. Qd3 Bg5 29. Nc4 Qxh2 30. Qe4 Qf4 31. Qd3 Bf6 32. g3 Qd4 33. Ke2 Qg4+ {Precision: Weiß = 31%, Schwarz = 64%.} 0-1

[Event "11th Arad Open 2018"]
[Site "Arad"]
[Date "2018.08.06"]
[Round "2"]
[White "Ghimpu, Samuel-Timotei"]
[Black "Georgescu, Tiberiu-Marian"]
[Result "1/2-1/2"]
[WhiteElo "2184"]
[BlackElo "2495"]
[Annotator "TA"]
[PlyCount "139"]
[EventDate "2018.08.05"]
[EventType "swiss"]
[EventCountry "ROU"]
[SourceTitle "playchess.com"]
[Source "ChessBase"]
[SourceQuality "1"]

{[%evp 12,139,24,7,12,-10,-10,-28,-22,-32,-24,-25,-24,-102,-114,-107,-110,-122,-131,-117,-84,-81,0,-75,-79,-75,-70,-77,-51,-51,-56,-63,-56,-64,-56,-74,-74,-74,-74,-74,-74,-76,-73,-81,-68,-66,-59,-81,-77,-84,-77,-83,-83,-100,-92,-92,-92,-84,-70,-87,-42,-69,0,-109,-85,-93,-86,-86,-86,-86,-120,-82,-88,-116,0,-41,-32,-32,0,0,0,0,0,0,0,0,0,0,0,0,0,-21,0,0,0,0,0,0,0,0,0,0,0,0,0,0,0,0,7,0,0,0,0,0,0,0,0,0,0,0,0,0,0,0,0,0,0,0,0,0]} 1. d4 d5 2. Bf4 Nf6 3. e3 c5 4. c3 Nc6 5. Nd2 e6 6. Ngf3 cxd4 7. cxd4 {LiveBook: 11 Games. D02: 1 d4 d5 2 Nf3 sidelines, including 2...Nf6 3 g3 and 2...Nf6 3 Bf4} (7. exd4 Nh5 8. Be3 Bd6 9. Bd3 Nf4 10. Bxf4 Bxf4 11. g3 Bd6 12. O-O O-O 13. Re1 Bd7 14. h4 h6 {1-0 (44) Caruana,F (2822)-Aronian,L (2767) chess.com INT 2018}) 7... Qb6 8. Qc2 Bd7 9. Be2 $146 ({Predecessor:} 9. a3 a5 10. Bd3 Rc8 11. Qb1 Nh5 12. Bg3 h6 13. O-O Nxg3 14. hxg3 {0-1 (36) Galvan Sarmiento,J (1929)-Natalicchio Escalante,N (2195) Gran Canaria 2013}) 9... Nh5 10. Bg3 Rc8 11. Qb3 Qxb3 12. axb3 (12. Nxb3 $11 Nxg3 13. hxg3) 12... Nxg3 $17 13. hxg3 Bb4 14. Bd3 Ke7 15. Ke2 Bd6 16. Nb1 Nb4 (16... h6 $17) 17. Nc3 (17. Rxa7 $11 Nxd3 18. Kxd3) 17... Nxd3 18. Kxd3 a6 19. g4 h6 20. Ne5 $1 Be8 21. Kd2 f6 22. Nd3 Rc6 23. f4 Rb6 24. Kc2 Bg6 25. f5 Bh7 26. Raf1 Rc8 (26... Kf7 {is more complex.} 27. Rf2 Rc8 28. Ra1 Kf8 29. Rf3 Kg8) 27. Nf4 Bxf4 (27... Bb8 {with more complications.} 28. Rh5 Kf7 29. Nd3 Bd6 30. Rf2 Ke7) 28. Rxf4 Kd6 29. Rf2 Re8 30. Re1 Rb4 31. Rf4 Re7 32. g3 Re8 33. Re2 Rc8 34. Re1 Rb6 35. Rf2 Rbc6 36. Kd2 b5 (36... Bg8 $15) 37. Rc1 (37. b4 $11) 37... b4 38. Ne2 Rxc1 39. Nxc1 {[%mdl 4096] Endgame [#] KRB-KRN} h5 $1 {[%cal Rh5g4][%mdl 512]} 40. gxh5 Bxf5 41. Nd3 Rh8 42. Rh2 e5 ({Better is} 42... a5 $17) 43. Rh1 a5 44. Nf2 Bd7 45. g4 {The position is equal.} Bc8 46. Ra1 f5 47. dxe5+ Kxe5 48. gxf5 Rxh5 49. Rxa5 Bxf5 50. Rb5 Rh4 51. Rb8 Rh2 52. Ke2 Rh4 53. Kf3 g5 54. Rg8 Kf6 55. Rf8+ Kg6 56. Rg8+ Kf6 57. Rf8+ Ke6 58. Rg8 Rh5 59. Rb8 g4+ 60. Kg3 Rh7 61. Rb6+ Ke5 62. Rxb4 Rc7 63. Nxg4+ Bxg4 64. Kxg4 $11 {KR-KR} Rc2 65. Kf3 Rxb2 66. Rb8 Kf5 67. b4 Ke5 68. Re8+ Kd6 69. Rb8 Ke5 70. Re8+ {Precision: White = 70%, Black = 58%.} 1/2-1/2

[Event "11th Arad Open 2018"]
[Site "Arad"]
[Date "2018.08.06"]
[Round "2"]
[White "Daianu, Cristian-Clement"]
[Black "Gavrilescu, David"]
[Result "0-1"]
[WhiteElo "2166"]
[BlackElo "2468"]
[Annotator "RC"]
[PlyCount "58"]
[EventDate "2018.08.05"]
[EventType "swiss"]
[EventCountry "ROU"]
[SourceTitle "playchess.com"]
[Source "ChessBase"]
[SourceQuality "1"]
[TimeControl "40/5400+30:1800+30"]

1. e4 {[%emt 0:03:09]} e6 {[%emt 0:00:08]} 2. d4 {[%emt 0:00:10]} d5 {[%emt 0:00:24]} 3. Nd2 {[%emt 0:00:19]} c5 {[%emt 0:00:36]} 4. exd5 {[%emt 0:00:45]} Qxd5 {[%emt 0:00:13]} 5. Ngf3 {[%emt 0:00:09]} cxd4 {[%emt 0:00:45]} 6. Bc4 {[%emt 0:00:40]} Qd7 {[%emt 0:00:54]} 7. O-O {[%emt 0:04:46]} Nc6 {[%emt 0:00:52]} 8. Nb3 {[%emt 0:01:05]} a6 {[%emt 0:00:38]} 9. a4 {[%emt 0:00:16]} Nf6 {[%emt 0:03:11]} 10. Qe2 {[%emt 0:07:38]} Bd6 {[%emt 0:01:02]} 11. Rd1 {[%emt 0:09:03]} O-O {[%emt 0:01:08]} 12. Nbxd4 {[%emt 0:02:58]} e5 {[%emt 0:00:51]} 13. Nxc6 {[%emt 0:10:06]} Qxc6 {[%emt 0:00:17]} 14. Bg5 {[%emt 0:00:32]} Bc7 {[%emt 0:00:32]} 15. h3 {[%emt 0:05:53]} e4 {[%emt 0:07:18]} 16. Nd4 {[%emt 0:07:46]} Qd6 {[%emt 0:03:28]} 17. g3 {[%emt 0:05:59]} Bb6 {[%emt 0:24:28]} 18. Bf4 {[%emt 0:12:38]} Qe7 {[%emt 0:05:21]} 19. Kh2 {[%emt 0:13:19]} Rd8 {[%emt 0:04:48]} 20. c3 {[%emt 0:01:49]} Bc7 {[%emt 0:11:45]} 21. Qe3 {[%emt 0:05:14]} Bg4 {[%emt 0:12:42]} 22. Re1 {[%emt 0:01:28]} Rac8 {[%emt 0:02:34]} 23. Bxc7 {[%emt 0:00:12]} Qxc7 {[%emt 0:00:27]} 24. Bf1 {[%emt 0:00:41]} Bh5 {[%emt 0:00:29]} 25. Bg2 {[%emt 0:03:14]} Re8 {[%emt 0:00:18]} 26. Kg1 {[%emt 0:02:03]} h6 {[%emt 0:01:23]} 27. Qd2 {[%emt 0:00:52]} Rcd8 {[%emt 0:01:22]} 28. a5 {[%emt 0:00:21]} Rd5 {[%emt 0:01:18]} 29. Qc2 {[%emt 0:00:49]} Rxd4 {[%emt 0:00:17]} 0-1

[Event "11th Arad Open 2018"]
[Site "Arad"]
[Date "2018.08.06"]
[Round "2"]
[White "Rusan, Paul-Cristian"]
[Black "Miron, Lucian-Costin"]
[Result "0-1"]
[WhiteElo "2161"]
[BlackElo "2460"]
[Annotator "RC"]
[PlyCount "112"]
[EventDate "2018.08.05"]
[EventType "swiss"]
[EventCountry "ROU"]
[SourceTitle "playchess.com"]
[Source "ChessBase"]
[SourceQuality "1"]
[TimeControl "40/5400+30:1800+30"]

1. e4 {[%emt 0:00:00]} e5 {[%emt 0:00:00]} 2. Nf3 {[%emt 0:00:00]} Nc6 {[%emt 0:00:00]} 3. d4 {[%emt 0:00:17]} exd4 {[%emt 0:00:07]} 4. Nxd4 {[%emt 0:00:08]} Nf6 {[%emt 0:00:55]} 5. Nxc6 {[%emt 0:01:17]} bxc6 {[%emt 0:00:05]} 6. e5 {[%emt 0:00:18]} Qe7 {[%emt 0:06:40]} 7. Qe2 {[%emt 0:00:26]} Nd5 {[%emt 0:00:03]} 8. c4 {[%emt 0:00:16]} Nb6 {[%emt 0:00:03]} 9. Nc3 {[%emt 0:01:12]} Qe6 {[%emt 0:01:17]} 10. Qe4 {[%emt 0:01:21]} g6 {[%emt 0:00:49]} 11. Bd2 {[%emt 0:00:25]} Bb7 {[%emt 0:20:12]} 12. Bd3 {[%emt 0:12:02]} O-O-O {[%emt 0:02:57]} 13. O-O {[%emt 0:01:20]} c5 {[%emt 0:12:51]} 14. Qe2 {[%emt 0:02:00]} Bg7 {[%emt 0:01:03]} 15. Rfe1 {[%emt 0:18:45]} Rde8 {[%emt 0:11:52]} 16. Bf4 {[%emt 0:19:38]} g5 {[%emt 0:24:36]} 17. Bg3 {[%emt 0:00:49]} h5 {[%emt 0:00:58]} 18. h3 {[%emt 0:01:45]} h4 {[%emt 0:06:21]} 19. Bh2 {[%emt 0:00:10]} g4 {[%emt 0:00:32]} 20. Qxg4 {[%emt 0:08:05]} Qxg4 {[%emt 0:00:29]} 21. hxg4 {[%emt 0:00:02]} h3 {[%emt 0:00:08]} 22. Be4 {[%emt 0:12:39]} Nxc4 {[%emt 0:02:18]} 23. Bxb7+ {[%emt 0:01:37]} Kxb7 {[%emt 0:01:14]} 24. f4 {[%emt 0:00:36]} d6 {[%emt 0:03:44]} 25. Rac1 {[%emt 0:01:51]} Kc6 {[%emt 0:02:33]} 26. b3 {[%emt 0:01:51]} Nb2 {[%emt 0:00:33]} 27. Rc2 {[%emt 0:03:02]} Nd3 {[%emt 0:00:30]} 28. Re3 {[%emt 0:04:15]} Nb4 {[%emt 0:00:01]} 29. Rce2 {[%emt 0:00:55]} dxe5 {[%emt 0:00:59]} 30. gxh3 {[%emt 0:00:50]} e4 {[%emt 0:00:32]} 31. Kg2 {[%emt 0:00:59]} f5 {[%emt 0:00:10]} 32. gxf5 {[%emt 0:00:20]} Bd4 {[%emt 0:00:51]} 33. Nxe4 {[%emt 0:04:06]} Bxe3 {[%emt 0:00:22]} 34. Rxe3 {[%emt 0:00:09]} Nc2 {[%emt 0:00:39]} 35. Re2 {[%emt 0:02:05]} Nd4 {[%emt 0:00:04]} 36. Re1 {[%emt 0:00:09]} Nxf5 {[%emt 0:00:21]} 37. Re2 {[%emt 0:00:50]} Nd4 {[%emt 0:00:28]} 38. Re1 {[%emt 0:00:31]} Rh6 {[%emt 0:01:02]} 39. Bg1 {[%emt 0:01:05]} Rhe6 {[%emt 0:00:27]} 40. Bxd4 {[%emt 0:00:00]} cxd4 {[%emt 0:00:00]} 41. Rc1+ {[%emt 0:15:11]} Kd5 {[%emt 0:16:56]} 42. Ng5 {[%emt 0:01:02]} Re2+ {[%emt 0:05:31]} 43. Kg3 {[%emt 0:00:31]} R8e3+ {[%emt 0:00:22]} 44. Kg4 {[%emt 0:00:42]} Rc3 {[%emt 0:02:27]} 45. Rd1 {[%emt 0:06:25]} Rg2+ {[%emt 0:02:20]} 46. Kf5 {[%emt 0:00:40]} Rxa2 {[%emt 0:00:45]} 47. Ne4 {[%emt 0:04:08]} Rxh3 {[%emt 0:03:10]} 48. Rc1 {[%emt 0:04:27]} Rh5+ {[%emt 0:01:36]} 49. Kg4 {[%emt 0:00:38]} Rh8 {[%emt 0:01:23]} 50. Kf5 {[%emt 0:00:26]} Rf8+ {[%emt 0:00:39]} 51. Nf6+ {[%emt 0:00:12]} Kd6 {[%emt 0:00:05]} 52. Rd1 {[%emt 0:02:21]} c5 {[%emt 0:01:02]} 53. b4 {[%emt 0:00:12]} cxb4 {[%emt 0:00:42]} 54. Rxd4+ {[%emt 0:00:16]} Kc5 {[%emt 0:00:16]} 55. Rd1 {[%emt 0:00:32]} Ra6 {[%emt 0:00:12]} 56. Rc1+ {[%emt 0:00:39]} Kb5 {[%emt 0:00:07]} 0-1

[Event "11th Arad Open 2018"]
[Site "Arad"]
[Date "2018.08.06"]
[Round "2"]
[White "Ursan, Petru-Sebastian"]
[Black "Womacka, Mathias"]
[Result "0-1"]
[WhiteElo "2147"]
[BlackElo "2450"]
[Annotator "TA"]
[PlyCount "66"]
[EventDate "2018.08.05"]
[EventType "swiss"]
[EventCountry "ROU"]
[SourceTitle "playchess.com"]
[Source "ChessBase"]
[SourceQuality "1"]

{[%evp 21,66,-12,-21,-54,-57,-74,-41,-91,-52,-61,-44,-41,-36,-89,-77,-145,-129,-354,-352,-328,-329,-343,-334,-304,-330,-329,-308,-403,-364,-346,-348,-437,-423,-581,-577,-568,-566,-550,-536,-504,-518,-797,-812,-756,-672,-637,-503]} 1. c4 c5 2. g3 Nf6 3. Bg2 d5 4. cxd5 Nxd5 5. Nc3 Nc7 6. Nf3 Nc6 7. O-O e5 8. d3 Be7 9. Be3 O-O 10. Rc1 Bd7 11. a3 {A34: Symmetrical English: 2 Nc3, lines with ...d5} (11. Na4 b6 12. b4 Nxb4 13. Nxe5 Be6 14. a3 Nbd5 15. Nc6 Qd7 16. Nxe7+ Qxe7 17. Bd2 Rad8 18. Nc3 Rfe8 19. Re1 Nxc3 20. Bxc3 {0-1 (65) Akhmetov,A (2357)-Jumabayev,R (2599) Almaty 2015}) 11... Rc8 {LiveBook: 4 Games} 12. Na4 b6 13. Bd2 {Black is slightly better.} Ne6 14. b4 $146 ({Predecessor:} 14. Nc3 Ned4 15. e3 Nxf3+ 16. Qxf3 Be6 17. Nd5 Bg5 18. b4 Qd6 19. b5 Nd4 20. exd4 Bxd2 21. Rc2 Bg5 22. dxe5 Qxe5 23. Qe4 Qd6 {0-1 (23) Koehler,G (2178)-Petrov,V (2321) Sunny Beach 2015}) 14... cxb4 15. axb4 Ned4 16. Nxd4 $1 Nxd4 17. Rxc8 ({White should try} 17. e3 $15 Bxa4 18. Rxc8 Bxd1 19. Rxd8 Ne2+ 20. Kh1 Rxd8 21. Rxd1 Rxd3 22. Be4) 17... Qxc8 $17 18. Nb2 (18. Nc3 $142) 18... Bg4 19. Bf3 $2 {[#]} (19. f3 $17 Be6 20. e3) 19... Bxf3 $19 20. exf3 Qc6 21. Kg2 b5 22. Re1 Bd6 23. Re4 f5 24. Rh4 Qc2 25. Qxc2 Nxc2 26. Nd1 Be7 {Black is clearly winning.} 27. Rh5 g6 28. Rh6 Bxb4 29. Bxb4 Nxb4 30. Nc3 a6 31. g4 (31. f4 $142 exf4 32. Rh3) 31... Nxd3 32. Nd5 fxg4 33. fxg4 Nf4+ {Precision: White = 17%, Black = 80%.} 0-1